Statistics for Women's Tennis Champs

Click here to take the quiz!

General Stats

  • This quiz has been taken 68,073 times
    (6,117 since last reset)
  • The average score is 29 of 60

Answer Stats

#Player% Correct
23Serena Williams
98%
7Venus Williams
97%
22Steffi Graf
82%
5Maria Sharapova
78%
18Martina Navratilova
77%
1Coco Gauff
70%
8Billie Jean King
69%
4Iga Świątek
67%
4Naomi Osaka
67%
9Monica Seles
64%
1Aryna Sabalenka
63%
18Chris Evert
63%
11Margaret Court
63%
5Martina Hingis
63%
3Ashleigh Barty
60%
7Justine Henin
60%
4Kim Clijsters
57%
2Simona Halep
57%
2Victoria Azarenka
56%
1Caroline Wozniacki
55%
1Emma Raducanu
55%
3Lindsay Davenport
54%
3Angelique Kerber
52%
4Arantxa Sanchez Vicario
51%
1Elena Rybakina
50%
2Li Na
50%
2Petra Kvitova
49%
2Garbiñe Muguruza
48%
2Amelie Mauresmo
47%
3Jennifer Capriati
47%
7Evonne Goolagong
46%
1Markéta Vondroušová
45%
1Ana Ivanovic
44%
1Jeļena Ostapenko
44%
1Sloane Stephens
43%
1Marion Bartoli
42%
1Gabriela Sabatini
40%
2Mary Pierce
39%
1Sofia Kenin
38%
1Jana Novotna
37%
2Tracy Austin
37%
3Virginia Wade
37%
1Barbora Krejčíková
36%
1Bianca Andreescu
36%
1Flavia Pennetta
36%
2Svetlana Kuznetsova
36%
1Conchita Martinez
35%
1Samantha Stosur
35%
1Francesca Schiavone
34%
1Ann Haydon Jones
33%
4Hana Mandlikova
33%
1Sue Barker
29%
1Anastasia Myskina
28%
1Iva Majoli
27%
1Virginia Ruzici
22%
1Barbara Jordan
21%
1Nancy Richey
21%
1Chris O'Neil
20%
1Kerry Melville Reid
20%
1Mima Jausovec
20%

Score Distribution

Percentile by Number Answered

Percent of People with Each Score

Your Score History

You have not taken this quiz since the last reset